000 004570000a22001690004500
041 0 _aENG
082 0 4 _aG 274.1 D6761s
100 1 _aDonaldson, Gordon
245 1 0 _aScotland : Church and nation through sixteen centuries / Gordon Donaldson
260 _aLondon, Great Britain : SCM
300 _a128 Pag
001 8438
942 _cBK
999 _c38589
_d38589
336 _atexto
_btxt
_2rdacontent
337 _2rdamedia
_asin mediación
_bn
338 _2rdacarrier
_avolumen
_bnc